00529pam a2200169 a 450000500170000002000320001704000340004908200140008310000180009724500400011526000730015530000340022850400510026254600080031365000200032170000180034120251001122410.0 a9789339221843cTZS 35,000/= aMCCLbeng.eAACR 2nd rev. ed.00a339.5 DWI1 aDwivedi, D.N.10aMacroeconomics /bTheory and policy aNew Delhi. :bMcGraw Hill Education (India) Private Limited,cc2015. axix, 724 p. :bill. ;c24 cm. aIncludes bibliographical references and index. aeng 0aMacroeconomics. aGupta, Kudlip